| 000 | 00805nam a2200181Ia 4500 | ||
|---|---|---|---|
| 008 | 100920s9999 xx 000 0 und d | ||
| 082 |
_b67612 _a28 व 891,43 थ 95 |
||
| 100 | _aदेवसरे हरिकृष्ण. | ||
| 245 | _aसंयुक्त राष्ट्र : बच्चों के लिए. | ||
| 260 |
_bसूचना और प्रसारण मन्त्रालय, भारत सरकार. _c1995 |
||
| 300 |
_a68 _bसाधी |
||
| 365 | _b35 | ||
| 520 | _aबा.वि.हिंदी. | ||
| 630 | _aसंयुक्त राष्ट्र : बच्चों के लिए. | ||
| 650 | _aबा.वि.हिंदी. | ||
| 730 | _aसंयुक्त राष्ट्र : बच्चों के लिए. | ||
| 942 | _cBOOK | ||
| 999 |
_c710050 _d710047 |
||